000 nam a22 7a 4500
999 _c9757
_d9757
008 180207b ||||| |||| 00| 0 eng d
100 _aWilco Book
_95859
245 _aIdioms are fun
260 _aNew Delhi
_bWilco Publication
_c2009